Back to the Future Characters Quiz - Statistics

General Stats
  • This quiz has been taken 428 times
  • The average score is 6 of 9
Answer Stats
Actor/Actress Description Character % Correct
Christopher Lloyd A scientist who is friends with Marty and makes the time-traveling Delorian Dr. Emmett "Doc" Brown
100%
Michael J. Fox A teenager who accidentally goes back in time Marty McFly
99%
Thomas F. Wilson The man who George McFly works for and is a bully towards the McFly family Biff Tannen
93%
Crispin Glover Marty's father George McFly
87%
Claudia Wells Marty's girlfriend Jennifer Parker
87%
Marc McClure Marty's brother Dave McFly
40%
James Tolkan The principal where Marty goes to school at Mr. Strickland
30%
Wendie Jo Sperber Marty's sister Linda McFly
27%
Lea Thompson Marty's mother Lorraine Baines-McFly
19%
No matching quizzes found
Score Distribution
Percent of People with Each Score
Percentile by Number Answered
Your Score History
You have not taken this quiz